00489nam a22001337a 4500003000300000005001700003008004100020020001800061050002400079100003100103245012800134260005600262300003700318LC20151202112356.0151202b xxu||||| |||| 00| 0 eng d a9788477116592 aPC 4117 .H556 2013  aHermoso, Alfredo Gonzalez  aECO A1+A2 libro del alumno : bcurso modular de espanol lengua extranjera cAlfredo Gonzalez Hermoso, Carlos Romero Duenas  aMadrid : SpainbEdelsa Grupo Didascalia, S.A c2013 a189 pages.,bcol.,ill.;c27 cm.